|
|
|
|
| LEADER |
00000cam a2200000 a 4500 |
| 001 |
vtls008155499 |
| 003 |
SK-MaSNL |
| 005 |
20260301122634.0 |
| 008 |
240313s1929 xr b 000 m slo |
| 040 |
|
|
|a SNK
|b slo
|c SNK
|e AACR2
|
| 041 |
0 |
|
|a slo
|
| 044 |
|
|
|a xr
|c CZ
|
| 072 |
|
7 |
|a 821.162.4
|x Slovenská literatúra
|2 konspekt
|
| 072 |
|
7 |
|a 070
|x Noviny. Tlač. Žurnalistika
|2 konspekt
|
| 080 |
|
|
|a 821.162.4
|2 2011
|
| 080 |
|
|
|a 070.432
|2 2001
|
| 080 |
|
|
|a 821.162.4-1
|2 2001
|
| 080 |
|
|
|a 821.162.4-3
|2 2001
|
| 100 |
1 |
|
|a Parma, Jiří Ota,
|d 1889-1963
|4 aut
|9 468470
|
| 245 |
1 |
|
|a Slovenský máj
|c J. O. Parma
|
| 250 |
|
|
|a 2., rozšír. vyd.
|
| 260 |
|
|
|a V Prahe
|b L. Mazáč
|c 1929
|
| 300 |
|
|
|a 65 s.
|c 18 cm
|
| 336 |
|
|
|a text
|b txt
|2 marccontent
|
| 337 |
|
|
|a bez média
|b n
|2 marcmedia
|
| 338 |
|
|
|a zväzok
|b nc
|2 marccarrier
|
| 490 |
1 |
|
|a Mazáčova slovenská knižnica
|v sväzok XII.
|
| 504 |
|
|
|a Bibliografia J. O. Parmu
|
| 650 |
0 |
7 |
|a slovenská literatúra
|2 SNKPH
|9 1115
|
| 650 |
0 |
7 |
|a novinové články
|2 SNKPH
|9 66849
|
| 650 |
0 |
7 |
|a Slovak literature
|2 SNKPHeng
|9 265073
|
| 650 |
0 |
7 |
|a Newspaper articles
|2 SNKPHeng
|9 344624
|
| 655 |
|
7 |
|a slovenská poézia
|2 SNKPH
|9 70444
|
| 655 |
|
7 |
|a slovenská próza
|2 SNKPH
|9 104890
|
| 655 |
|
7 |
|a Slovak poetry
|2 SNKPHeng
|9 265010
|
| 655 |
|
7 |
|a Slovak prose
|2 SNKPHeng
|9 278617
|
| 752 |
|
|
|a Česko
|d Praha
|
| 800 |
1 |
|
|a Mazáč, Leopold,
|d 1900-1948.
|t Mazáčova slovenská knižnica
|9 468471
|
| 830 |
|
0 |
|a Mazáčova slovenská knižnica
|9 309069
|
| 999 |
|
|
|c 733549
|d 735479
|
| 952 |
|
|
|a SNK
|b SNK
|y VYP
|7 0
|p 17A0469552
|o snkSD 1704/12 D1
|i snkKSF 3128/57
|3 Rekatalogizácia
|0 0
|1 0
|4 0
|d 2005-05-21
|l 0
|r 2026-02-23 22:36:35
|w 2026-02-23
|
| 952 |
|
|
|a SNK
|b SNK
|y VYP
|7 0
|p 17A0469674
|o snkSD 1704/12 D2
|i snkD 2052/73
|3 Rekatalogizácia
|0 0
|1 0
|4 0
|d 2005-05-21
|l 0
|r 2026-02-23 22:36:35
|w 2026-02-23
|
| 952 |
|
|
|a SNKLM
|b SNKLM
|y NEVYP
|7 0
|o snklmMK 4271
|8 3
|0 0
|1 0
|4 0
|d 2006-06-29
|l 0
|r 2026-02-23 22:36:35
|w 2026-02-23
|